Sports Quiz

Random Sports or NFL Quiz
Score 0/96 Timer 04:00
0 Plays Today
Answer % Correct
Drew Brees
98.6%
Drew Brees
98.6%
Peyton Manning
98.5%
Peyton Manning
98.5%
Peyton Manning
98.5%
Andrew Luck
97.9%
Andrew Luck
97.9%
Aaron Rodgers
97.7%
Aaron Rodgers
97.7%
Tony Romo
97.6%
Tom Brady
97.6%
Tony Romo
97.6%
Matt Ryan
96.9%
Marshawn Lynch
96.7%
Marshawn Lynch
96.7%
Ben Roethlisberger
94.5%
Ben Roethlisberger
94.5%
DeMarco Murray
94.3%
DeMarco Murray
94.3%
Le'Veon Bell
93.4%
Antonio Brown
93%
Antonio Brown
93%
Antonio Brown
93%
Antonio Brown
93%
Philly Brown
92.2%
Julio Jones
91.8%
Demaryius Thomas
91.4%
Julius Thomas
91.4%
Dez Bryant
91.3%
Jacoby Jones
91.3%
Jacoby Jones
91.3%
De'Anthony Thomas
91.1%
Answer % Correct
De'Anthony Thomas
91.1%
LeSean McCoy
90.8%
Jordy Nelson
90.3%
Jordy Nelson
90.3%
Jamaal Charles
90.2%
Eddie Lacy
84.7%
Rob Gronkowski
82.7%
Mark Ingram
82.3%
Emmanuel Sanders
80.4%
Odell Beckham Jr
80.1%
Randall Cobb
79.8%
Justin Forsett
79.4%
Justin Forsett
79.4%
Antonio Gates
78.4%
Russell Wilson
76.6%
DeSean Jackson
76.6%
Jeremy Hill
76.2%
Cam Newton
74.7%
Mike Evans
73.6%
Colin Kaepernick
71.9%
Mario Williams
67.7%
Terrance Williams
67.7%
Chris Williams
67.7%
Lamar Miller
64%
Devin Hester
63.3%
Devin Hester
63.3%
Ryan Fitzpatrick
61.2%
Matt Asiata
61.1%
JJ Watt
57.9%
Darren Sproles
57.1%
Darren Sproles
57.1%
Luke Kuechly
52.5%
Answer % Correct
Michael Floyd
52.3%
Malcolm Floyd
52.2%
Justin Houston
49.3%
Tavon Austin
42.4%
Tavon Austin
42.4%
Julian Edelman
40.4%
Julian Edelman
40.4%
Knile Davis
31.7%
Harrison Smith
27.9%
DeAndre Levy
27.4%
Micah Hyde
27.2%
Lavonte David
26.4%
Elvis Dumervil
25.1%
Glover Quin
24.2%
Connor Barwin
16.7%
Brent Grimes
15.8%
Tashaun Gipson
14.2%
Mike Adams
14%
Jarvis Landry
12.5%
CJ Spiller
11.7%
Perrish Cox
10.6%
Josh Huff
10.2%
Stedman Bailey
9.4%
Taylor Gabriel
9%
Ted Ginn
8.6%
Curtis Lofton
8.4%
Benjamin Cunningham
7.5%
Chris Polk
7.2%
Paul Worrilow
7.1%
Jordan Todman
6.4%
Bruce Carter
4%
Marcus Thigpen
2.7%
Remove Ads.
Support Sporcle.
Get the best of Sporcle when you Go Orange. This ad-free experience offers more features, more stats, and more fun while also helping to support Sporcle. Thank you for becoming a member.

You're not logged in!

Compare scores with friends on all Sporcle quizzes.
OR
Log In

Show Comments

Extras

Top Quizzes Today


Score Distribution

Your Account Isn't Verified!

In order to create a playlist on Sporcle, you need to verify the email address you used during registration. Go to your Sporcle Settings to finish the process.

Report this User

Report this user for behavior that violates our Community Guidelines.

Details: